00792nam a2200229 a 450000100060000000300080000600500170001400800390003103500190007004000270008904100080011608200240012410000260014824500620017426000520023630000250028860000390031370000310035294200150038399900170039895201470041556252BD-RjUL20211209080355.0161127s1980 enka b 000 1 eng a(BD-RjUL)56376 aDLCcDLCdBD-RjULbeng aeng00a823.8223bHAT 19801 aHardy, Thomas 96255410aTess of the d'Urbervilles :ba pure woman /cThomas Hardy aNew York :bReader's Digest Association,c1980. axx, 507 p. ;c20 cm.10aHardy, Thomas,d1840-1928.9167365 aGuerard, Albert J.9162782 2ddccBK03 c56252d56252 00102ddc40708NFICaRUCLbRUCLcStackd1961-06-30eAsia foundationl1o823.8 HAT 1980r2022-09-14 00:00:00s2022-09-07tC-2w2016-11-27yBK